000 00384nam a2200181Ia 4500
100 _aDhamdhere/D.M
650 _aOperating systems
250 _a2
942 _cBK
366 _f20
654 _aoperating systems
245 _aOperating system
260 _bMcGraw - Hill
_aNew Delhi
_c2006
082 _a005.43/DHA
_bDHA
300 _a789
546 _aENGLISH
999 _c23383
_d23383